<?xml version="1.0" encoding="UTF-8"?>
<record
    xmlns:xsi="http://www.w3.org/2001/XMLSchema-instance"
    xsi:schemaLocation="http://www.loc.gov/MARC21/slim http://www.loc.gov/standards/marcxml/schema/MARC21slim.xsd"
    xmlns="http://www.loc.gov/MARC21/slim">

  <leader>01804nas a2200277Ia 4500</leader>
  <controlfield tag="001">R050-S2458</controlfield>
  <controlfield tag="003">IT-CnALBA</controlfield>
  <controlfield tag="008">170116c99999999xx ||||||||||||   ||und||</controlfield>
  <datafield tag="040" ind1=" " ind2=" ">
    <subfield code="a">IT-CnALBA</subfield>
    <subfield code="c">IT-CnALBA</subfield>
  </datafield>
  <datafield tag="041" ind1=" " ind2=" ">
    <subfield code="a">ITALIANO</subfield>
  </datafield>
  <datafield tag="100" ind1=" " ind2=" ">
    <subfield code="a">ADRIANI MAURILIO</subfield>
  </datafield>
  <datafield tag="210" ind1=" " ind2=" ">
    <subfield code="a">CITT&#xC0; DI VITA</subfield>
  </datafield>
  <datafield tag="222" ind1=" " ind2=" ">
    <subfield code="a">CITT&#xC0; DI VITA</subfield>
  </datafield>
  <datafield tag="245" ind1=" " ind2="0">
    <subfield code="a">CITT&#xC0; DI VITA. SETTEMBRE OTTOBRE 1996. SCIENZA E FEDE. </subfield>
  </datafield>
  <datafield tag="250" ind1=" " ind2=" ">
    <subfield code="a">1a ed.</subfield>
  </datafield>
  <datafield tag="260" ind1=" " ind2=" ">
    <subfield code="a"> FIRENZE</subfield>
    <subfield code="b">CITT&#xC0; DI VITA EDIZIONI </subfield>
    <subfield code="c">1996 [1&#xB0; Ed.:1996 - Ed.Ling.Originale: 1996]</subfield>
  </datafield>
  <datafield tag="300" ind1=" " ind2=" ">
    <subfield code="a">92 p. </subfield>
  </datafield>
  <datafield tag="310" ind1=" " ind2=" ">
    <subfield code="a">BIMESTRALE</subfield>
  </datafield>
  <datafield tag="362" ind1=" " ind2=" ">
    <subfield code="a">Fascicolo: 5 / Anno: 51 (1996)</subfield>
  </datafield>
  <datafield tag="500" ind1=" " ind2=" ">
    <subfield code="a">IL SOGNO DELLA RAGIONE. DISCORSO SU DIO? COME? PICCHI L. CURATORE, ANDR&#xC8; SALMON. FEDE COME RISERVA. LUGARESI G. QUARTETTO SCRITTORI CATTOLICI DI FIRENZE. VIERI F. IL SOGNO DI SANTIAGO. LORENZI L. NICOLA DA GUARDIAGRELE ORAFO. CIALINI L. RISCOPERTA DEL SACRO. FROMM E. DALL'ORIENTE LA LOGICA DEL PARADOSSO. MORANDI F. IL RITORNO DI DIO. LA PRETESA EDUCATIVA DEL FILOSOFO. LIBRI. PARIGI P. CINQUE XILOGRAFIE. ILLUSTRAZIONI. TITO E CONTI. DUE SCULTURE. FOTOGRAMMI DALLA STRADA DI FELLINI. </subfield>
  </datafield>
  <datafield tag="501" ind1=" " ind2=" ">
    <subfield code="a">Societ&#xE0; San Paolo EM - Piazza San Paolo, 14 - 12051 ALBA (CN)  (non commercial uses only) &#xAE; Copyright 2017</subfield>
  </datafield>
  <datafield tag="520" ind1=" " ind2=" ">
    <subfield code="a">IL SOGNO DELLA RAGIONE. DISCORSO SU DIO? COME? PICCHI L. CURATORE, ANDR&#xC8; SALMON. FEDE COME RISERVA. LUGARESI G. QUARTETTO SCRITTORI CATTOLICI DI FIRENZE. VIERI F. IL SOGNO DI SANTIAGO. LORENZI L. NICOLA DA GUARDIAGRELE ORAFO. CIALINI L. RISCOPERTA DEL SACRO. FROMM E. DALL'ORIENTE LA LOGICA DEL PARADOSSO. MORANDI F. IL RITORNO DI DIO. LA PRETESA EDUCATIVA DEL FILOSOFO. LIBRI. PARIGI P. CINQUE XILOGRAFIE. ILLUSTRAZIONI. TITO E CONTI. DUE SCULTURE. FOTOGRAMMI DALLA STRADA DI FELLINI. </subfield>
  </datafield>
  <datafield tag="650" ind1=" " ind2=" ">
    <subfield code="a">TEOLOGIA SOCIALE</subfield>
  </datafield>
  <datafield tag="942" ind1=" " ind2=" ">
    <subfield code="c">CR</subfield>
  </datafield>
  <datafield tag="957" ind1=" " ind2=" ">
    <subfield code="7">1</subfield>
  </datafield>
  <datafield tag="999" ind1=" " ind2=" ">
    <subfield code="a">64346</subfield>
    <subfield code="b">NO</subfield>
    <subfield code="g">1</subfield>
    <subfield code="c">331046</subfield>
    <subfield code="d">331046</subfield>
  </datafield>
  <datafield tag="952" ind1=" " ind2=" ">
    <subfield code="0">0</subfield>
    <subfield code="1">0</subfield>
    <subfield code="4">0</subfield>
    <subfield code="6">R_050S2458</subfield>
    <subfield code="7">1</subfield>
    <subfield code="a">ALBA</subfield>
    <subfield code="b">ALBA</subfield>
    <subfield code="d">2017-01-16</subfield>
    <subfield code="l">0</subfield>
    <subfield code="o">R050-S2458</subfield>
    <subfield code="r">2017-01-16 00:00:00</subfield>
    <subfield code="w">2017-01-16</subfield>
    <subfield code="y">CR</subfield>
    <subfield code="z">(data import: 16 gennaio 2017) - By Epidotti, Vaglietti. </subfield>
  </datafield>
</record>
